Die bekanntesten Langnese Eis Klassiker - Statistiken

Allgemein
  • Dieses Quiz wurde 128 mal gespielt
  • Das Durchschnittsergebnis liegt bei 7 aus 12
Antwortstatistiken
Bildquiz Antwort % Korrekt
Flutschfinger
93%
Nogger
89%
Capri
76%
Calippo
70%
Riesenhappen
62%
Super Twister
59%
Domino
56%
Konfekt
53%
Split
49%
Dolomiti
44%
Mini Milk
30%
Push up with Haribo
19%
Keine übereinstimmenden Quizze gefunden
Verteilung der Resultate
Anzahl Personen mit jedem Resultat
Perzentil nach korrekt beantworteten Fragen
Ihre Resultats-Entwicklung
Sie haben dieses Quiz noch nicht gespielt